| 000 | 01330nam a2200253 4500 | ||
|---|---|---|---|
| 001 | 113572 | ||
| 003 | DR-UNIBE | ||
| 005 | 20250624062550.0 | ||
| 008 | 250507b2007 mx ||||| |||| 00| 0 spa d | ||
| 020 | _a9789707128224 | ||
| 040 |
_aBIBLIOTECA UNIBE _cBIBLIOTECA UNIBE _bspa _erda |
||
| 041 | _aspa | ||
| 082 |
_222 _a342.972 M611t |
||
| 110 | 0 |
_aMexico. Suprema Corte de Justicia de la Nación _9194807 |
|
| 245 | 1 | 0 |
_aTribunales Constitucionales y consolidación de la democracia / _cpresentación: Guillermo Iberio Ortíz Mayagoitia |
| 250 | _aPrimera edición | ||
| 260 |
_a México : _bSuprema Corte de Justicia de la Nación, _c2008 |
||
| 300 |
_alii, 413 páginas : _c22 x 10 cm |
||
| 505 | _aPresentación | Introducción | Capítulo I. El papel de los tribunales constitucionales en la consolidación de la democracia. Cuatro enfoques | Capítulo II. Tribunales constitucionales y consolidación de la democracia. Aspectos teóricos | Capítulo III. Tribunales constitucionales y consolidación de la democracia. Algunos ejemplos en América Latina | Sobre los autores | ||
| 650 | 7 |
_2lemb _a Tribunales constitucionales _zMéxico _9196501 |
|
| 650 | 7 |
_2lemb _aDemocracia _xLeyes y legislación _zMéxico _9196502 |
|
| 700 | 0 |
_aOrtíz Mayagoitia, Guillermo Iberio, _d1941- _epresentador _9195018 |
|
| 942 |
_2ddc _cBK |
||
| 999 |
_c113572 _d113572 |
||